Principles et practique du droit du travail /
Droit du travail; Charges sociales; Charges fiscales...
Sparad:
| Huvudupphovsman: | |
|---|---|
| Övriga upphovsmän: | |
| Materialtyp: | Bok |
| Språk: | French |
| Publicerad: |
France :
J. Delmas et C,
1975.
|
| Ämnen: | |
| Taggar: |
Lägg till en tagg
Inga taggar, Lägg till första taggen!
|
| Thư viện lưu trữ: | Mạng thư viện Đại học Đà Nẵng |
|---|
| LEADER | 00912cam a2200337 i 4500 | ||
|---|---|---|---|
| 001 | 000044301 | ||
| 003 | 2666 | ||
| 005 | 20030221143001.0 | ||
| 008 | 010307|1975 vm 000 fre | ||
| 020 | |a 0270340056 | ||
| 040 | |a IRC |c IRC |d IRC | ||
| 041 | 0 | |a fre | |
| 082 | 1 | 4 | |a 344.01 |b LA-S |
| 100 | 1 | |a Lannerée, S. | |
| 245 | 0 | 0 | |a Principles et practique du droit du travail / |c S. Lannée, L. Isselé. |
| 260 | |a France : |b J. Delmas et C, |c 1975. | ||
| 300 | |a 415p. ; |c 26.5cm. | ||
| 520 | 3 | |a Droit du travail; Charges sociales; Charges fiscales... | |
| 630 | 0 | 4 | |a Droit du travail. |
| 650 | 0 | 4 | |a Droit du travail, Principles et practique. |
| 700 | 1 | |a Isselé, L. | |
| OWN | |a DUT | ||
| 999 | |a From the UDN01 | ||
| TYP | |a Monograph | ||
| TYP | |a Printed language | ||
| 980 | |a Mạng thư viện Đại học Đà Nẵng | ||